<?xml version="1.0" encoding="UTF-8"?>
<record
    xmlns:xsi="http://www.w3.org/2001/XMLSchema-instance"
    xsi:schemaLocation="http://www.loc.gov/MARC21/slim http://www.loc.gov/standards/marcxml/schema/MARC21slim.xsd"
    xmlns="http://www.loc.gov/MARC21/slim">

  <leader>00845cam a2200205u  4500</leader>
  <datafield tag="999" ind1=" " ind2=" ">
    <subfield code="c">15201</subfield>
    <subfield code="d">15201</subfield>
  </datafield>
  <controlfield tag="001">9724015</controlfield>
  <controlfield tag="003">OSt</controlfield>
  <controlfield tag="005">20200305093957.0</controlfield>
  <controlfield tag="008">821206s1940    enk           000 0aeng  </controlfield>
  <datafield tag="010" ind1=" " ind2=" ">
    <subfield code="a">   41015633 </subfield>
  </datafield>
  <datafield tag="040" ind1=" " ind2=" ">
    <subfield code="a">DLC</subfield>
    <subfield code="c">CarP</subfield>
    <subfield code="d">DLC</subfield>
  </datafield>
  <datafield tag="050" ind1="0" ind2="0">
    <subfield code="a">PE1591</subfield>
    <subfield code="b">.N8</subfield>
  </datafield>
  <datafield tag="100" ind1="1" ind2=" ">
    <subfield code="a">Nuttall, P. Austin.</subfield>
  </datafield>
  <datafield tag="245" ind1="1" ind2="4">
    <subfield code="a">The Nuttall dictionary of English synonyms and antonyms,</subfield>
    <subfield code="b">containing over 10,000 words in current use, arranged alphabetically, showing upwards of 70,000 parallel expressions with opposite examples,</subfield>
  </datafield>
  <datafield tag="260" ind1=" " ind2=" ">
    <subfield code="a">London and New York,</subfield>
    <subfield code="b">F. Warne and co., ltd.</subfield>
    <subfield code="c">[1940]</subfield>
  </datafield>
  <datafield tag="300" ind1=" " ind2=" ">
    <subfield code="a">viii, 272 p.</subfield>
    <subfield code="c">21 cm.</subfield>
  </datafield>
  <datafield tag="650" ind1=" " ind2="0">
    <subfield code="a">English language</subfield>
    <subfield code="x">Synonyms and antonyms</subfield>
    <subfield code="v">Dictionaries.</subfield>
  </datafield>
  <datafield tag="700" ind1="1" ind2=" ">
    <subfield code="a">Christ, G. Elgie, [from old catalog]</subfield>
    <subfield code="e">ed.</subfield>
  </datafield>
  <datafield tag="906" ind1=" " ind2=" ">
    <subfield code="a">0</subfield>
    <subfield code="b">cbc</subfield>
    <subfield code="c">premunv</subfield>
    <subfield code="d">u</subfield>
    <subfield code="e">ncip</subfield>
    <subfield code="f">19</subfield>
    <subfield code="g">y-gencatlg</subfield>
  </datafield>
  <datafield tag="942" ind1=" " ind2=" ">
    <subfield code="2">lcc</subfield>
    <subfield code="c">OS</subfield>
    <subfield code="h">PE1591.N</subfield>
  </datafield>
  <datafield tag="952" ind1=" " ind2=" ">
    <subfield code="0">0</subfield>
    <subfield code="1">0</subfield>
    <subfield code="2">lcc</subfield>
    <subfield code="4">0</subfield>
    <subfield code="7">0</subfield>
    <subfield code="a">HRE</subfield>
    <subfield code="b">HRE</subfield>
    <subfield code="c">GEN</subfield>
    <subfield code="d">2020-03-05</subfield>
    <subfield code="e">Donation</subfield>
    <subfield code="g">20.00</subfield>
    <subfield code="i">CUZ11681</subfield>
    <subfield code="l">0</subfield>
    <subfield code="o">PE1591.N</subfield>
    <subfield code="p">BK008995</subfield>
    <subfield code="r">2025-05-22</subfield>
    <subfield code="w">2020-03-05</subfield>
    <subfield code="y">OS</subfield>
  </datafield>
</record>
